| 000 | 00792nam a2200229Ii 4500 | ||
|---|---|---|---|
| 003 | JO-AjNU | ||
| 008 | 230605s9999||||xx |||||||||||||| ||und|| | ||
| 017 | _a1978/3576 | ||
| 020 | _a85205-6-9 | ||
| 040 |
_aJO-AjNU _bara _erda _cJO-AjNU |
||
| 041 | _aara | ||
| 050 | 1 | 4 | _aPJ6161.L57 1978 |
| 100 | 3 |
_aلاشين، عبد الفتاح, _eauthor _940706 |
|
| 245 | 0 | 0 | _aالبهاء السبكي وآراؤه البلاغية والنقدية |
| 250 | _aط1 | ||
| 264 | 3 | 1 | _aالقاهرة: دار الطباعة المحمدية، 1978 |
| 300 | _a352ص | ||
| 336 |
_atext _btxt _2rdacontent |
||
| 337 |
_aunmediated _bn _2rdamedia |
||
| 338 |
_avolume _bnc _2rdacarrier |
||
| 650 | 4 |
_aاللغوين العرب-تراجم-اللغة العربية-آراء حول البلاغة _940707 |
|
| 999 |
_aA17297 _c20865 _d20865 |
||